000 00673cam a2200229 4500
001 J2460
008 090401t1994 xxu||||| |||| 00| 0 eng d
035 _a(Sirsi) u49152
041 _aeng
050 _a690
110 _aBuilding Research Establishment
245 _aChoosing external rendering.
260 _aGarston, Watford
_bBuilding Research Establishment
_c1994
300 _a6p. : ill. ; 30cm.
350 _a0
490 _aGood Building Guide
_v18
650 _aEXTERNAL RENDERING
650 _aBUILT ENVIRONMENT-BUILDING ELEMENTS-COMPLETE BUILDING ELEMENTS-WALLS
690 _aBUILT ENVIRONMENT-BUILDING MATERIALS
942 _n0
948 _c04/03/1997
999 _c92501
_d92501